[Event "Gernsheim U20 op 3rd"]
[Site "Gernsheim"]
[Date "2005.05.??"]
[Round "7"]
[White "Hoffmann, Paul"]
[Black "Zipp, Niels"]
[Result "1-0"]
[WhiteElo "878"]
[BlackElo "791"]
[PlyCount "119"]
[EventDate "2005.05.??"]
[EventType "swiss"]
[EventRounds "7"]
[EventCountry "GER"]
[SourceTitle "EXT 2007"]
[Source "ChessBase"]
[SourceDate "2006.11.23"]
[SourceVersion "1"]
[SourceVersionDate "2006.11.23"]
[SourceQuality "1"]

1. d4 d5 2. c4 e6 3. e3 Bb4+ 4. Nc3 Bxc3+ 5. bxc3 Nf6 6. Nf3 0-0 7. Bd3 Ne4 8. Bb2 Nc6 9. cxd5 exd5 10. 0-0 Bg4 11. h3 Bxf3 12. Qxf3 Nf6 13. Qg3 Ne4 14. Qf3 Nf6 15. c4 a6 16. Rfd1 b5 17. cxd5 Qxd5 18. e4 Qh5 19. Qxh5 Nxh5 20. g3 Nf6 21. Rdc1 Nb4 22. Bb1 c6 23. a3 Nbd5 24. exd5 Nxd5 25. Rxc6 Ne7 26. Rb6 Nd5 27. Rb7 h6 28. Ba2 Nf6 29. d5 Rab8 30. Rxb8 Rxb8 31. Bxf6 gxf6 32. d6 Rd8 33. Rd1 Kg7 34. Rd4 a5 35. Rd5 b4 36. Rxa5 bxa3 37. Rxa3 Rxd6 38. Bc4 Rd1+ 39. Kg2 f5 40. Rf3 Kg6 41. Bd3 f6 42. Bxf5+ Kg7 43. Bg4 Kg6 44. Rxf6+ Kxf6 45. Bxd1 Kg6 46. g4 Kg5 47. Kg3 Kg6 48. f4 Kg7 49. g5 hxg5 50. fxg5 Kg6 51. h4 Kh7 52. h5 Kg7 53. h6+ Kg6 54. Bc2+ Kf7 55. g6+ Kg8 56. Kg4 Kh8 57. Kf5 Kg8 58. Kf6 Kh8 59. g7+ Kg8 60. h7# 1-0